000 01229cam a2200301 a 4500
001 000005724
003 DO-SdBNP
005 20251028140649.0
008 801105s1979 sp ac 001 0 spa
020 _a843229537X
020 _a8432295361 (pbk.)
040 _aDO-SdBNP
_bspa
_cDLC
_dBNPHU
082 4 _a987.0632
_bB562d
_222
100 1 _aBetancourt, Rómulo,
_qRómulo Antonio Betancourt Bello
_d1908-1981.
_916180
245 1 0 _aEl 18 de octubre de 1945 :
_bgénesis y realizaciones de una revolución democrática /
_cRómulo Betancourt ; introducción de Simón Alberto Consalvi ; prólogo y notas de Diógenes de La Rosa.
260 _aBarcelona, España :
_bEditorial Seix Barral,
_c1979.
300 _a412 p. :
_bil., retrs. ;
_c21 cm.
490 1 _aObras selectas
_v4
651 0 _aVenezuela
_xHistoria
_yRevolución, 1945.
_926230
651 0 _aVenezuela
_xPolítica y gobierno
_y1945-1958
_926230
651 0 _aVenezuela
_xHistoria
_ySiglo XX
_926230
651 0 _aVenezuela
_xHistoria
_y1945-58
_926230
700 1 _aConsalvi, Simón Alberto
_eintr.
_916184
700 1 _aRosa, Diógenes de la
_epról.
_916185
830 0 _aObras selectas ;
_v4.
_916186
910 _aCatalogación derivada / LC
942 _2ddc
_cLBS1
999 _c5520
_d5520